[Event "COL-ch U26"]
[Site "Medellin"]
[Date "2018.10.18"]
[Round "1"]
[White "Osorio, Cristhian Camilo"]
[Black "Pena Escobar, Cristian Camilo"]
[Result "1-0"]
[WhiteElo "2184"]
[BlackElo "1893"]
[PlyCount "67"]
[EventDate "2018.10.18"]
[EventType "swiss"]
[EventRounds "6"]
[EventCountry "COL"]
[SourceTitle "CBM 187 Extra"]
[Source "ChessBase"]
[SourceDate "2018.11.04"]
[SourceVersion "1"]
[SourceVersionDate "2018.11.04"]
[SourceQuality "1"]

1. f4 d5 2. c4 c6 3. e3 Nf6 4. b3 d4 5. Qc2 Na6 6. a3 g6 7. e4 d3 8. Qxd3 Qxd3 9. Bxd3 Nc5 10. Bc2 Ncxe4 11. Bb2 Nd6 12. Nf3 Bg4 13. Ne5 Be6 14. g4 Rg8 15. h3 Nd7 16. d4 Bg7 17. Nc3 h5 18. d5 Nxe5 19. fxe5 cxd5 20. cxd5 Bxe5 21. dxe6 Rc8 22. exf7+ Nxf7 23. Kd2 Bf4+ 24. Ke2 hxg4 25. hxg4 Ne5 26. Be4 Rf8 27. Raf1 g5 28. Nd5 Nxg4 29. Rh7 Kd8 30. Rd1 Bd6 31. Nxe7 Rf2+ 32. Ke1 Ke8 33. Nxc8 Bg3 34. Bg6+ 1-0

[Event "Bogota Navidad op"]
[Site "Bogota"]
[Date "2016.12.11"]
[Round "8"]
[White "Pena Escobar, Cristian Camilo"]
[Black "Castellanos, Johan Sebastian"]
[Result "1/2-1/2"]
[WhiteElo "1885"]
[BlackElo "1305"]
[PlyCount "58"]
[EventDate "2016.12.07"]
[EventType "swiss"]
[EventRounds "9"]
[EventCountry "COL"]
[SourceTitle "CBM 176 Extra"]
[Source "ChessBase"]
[SourceDate "2017.03.02"]
[SourceVersion "1"]
[SourceVersionDate "2017.03.02"]
[SourceQuality "1"]

1. e4 e5 2. Nf3 f5 3. exf5 d6 4. d4 e4 5. Ng5 Bxf5 6. Qe2 Nc6 7. d5 Nd4 8. Qc4 Qf6 9. Be3 c5 10. dxc6 Nxc6 11. Nc3 Nge7 12. 0-0-0 0-0-0 13. Ngxe4 Qg6 14. f3 d5 15. Nxd5 Be6 16. Nf4 Rxd1+ 17. Kxd1 Bxc4 18. Nxg6 Bxf1 19. Nxe7+ Bxe7 20. Rxf1 Rd8+ 21. Kc1 Nb4 22. a3 Nd5 23. Bc5 Bxc5 24. Nxc5 Ne3 25. Rg1 Rd6 26. Ne4 Rc6 27. c3 Rg6 28. g3 Nf5 29. Kd2 Re6 1/2-1/2

[Event "Bogota Navidad op"]
[Site "Bogota"]
[Date "2016.12.08"]
[Round "2"]
[White "Pena Escobar, Cristian Camilo"]
[Black "Estrada Velandia, Henry Andres"]
[Result "0-1"]
[WhiteElo "1885"]
[BlackElo "1600"]
[PlyCount "62"]
[EventDate "2016.12.07"]
[EventType "swiss"]
[EventRounds "9"]
[EventCountry "COL"]
[SourceTitle "CBM 176 Extra"]
[Source "ChessBase"]
[SourceDate "2017.03.02"]
[SourceVersion "1"]
[SourceVersionDate "2017.03.02"]
[SourceQuality "1"]

1. e4 c6 2. d4 d5 3. exd5 cxd5 4. Bd3 Nc6 5. c3 e6 6. Bf4 Bd6 7. Bg3 Nge7 8. Nh3 h6 9. Bh4 0-0 10. f4 Qb6 11. Qc2 f6 12. Bf2 Qc7 13. Nd2 Bxf4 14. Nxf4 Qxf4 15. 0-0 Qg5 16. Nf3 Qh5 17. Rad1 e5 18. dxe5 fxe5 19. Bh7+ Kh8 20. Bc5 e4 21. Bxe7 Nxe7 22. Bxe4 dxe4 23. Qxe4 Ng6 24. Nd4 Bd7 25. Qxb7 Ne5 26. Qc7 Rxf1+ 27. Rxf1 Bg4 28. h3 Bd7 29. Re1 Re8 30. Rf1 Bc8 31. Qxa7 Ng6 0-1

[Event "COL-ch U18"]
[Site "Bogota"]
[Date "2015.05.14"]
[Round "3"]
[White "Salamanca, Juan David"]
[Black "Pena Escobar, Cristian Camilo"]
[Result "1-0"]
[WhiteElo "1739"]
[BlackElo "1895"]
[PlyCount "71"]
[EventDate "2015.05.13"]
[EventType "tourn"]
[EventRounds "7"]
[EventCountry "COL"]
[SourceTitle "CBM 166 Extra"]
[Source "ChessBase"]
[SourceDate "2015.06.18"]
[SourceVersion "1"]
[SourceVersionDate "2015.06.18"]
[SourceQuality "1"]

1. b3 Nf6 2. Bb2 d6 3. g3 c6 4. Bg2 Qc7 5. e3 g6 6. Ne2 h5 7. d3 h4 8. Nd2 Bg7 9. c4 Na6 10. a3 Bg4 11. h3 hxg3 12. fxg3 Nc5 13. Nf3 Bf5 14. e4 Bd7 15. b4 Na6 16. e5 dxe5 17. Bxe5 Qc8 18. g4 Nc7 19. Qd2 Be6 20. Qf4 Na6 21. 0-0 Qd7 22. Rfd1 Rc8 23. Rac1 c5 24. b5 Nc7 25. d4 Bxc4 26. Rxc4 Qxb5 27. Rxc5 Qxe2 28. Re1 Qa2 29. Bxc7 0-0 30. Rxe7 Nd5 31. Rxd5 Qxd5 32. Ne5 Qb3 33. d5 Qxa3 34. d6 Rxc7 35. Rxc7 Qxd6 36. Rxf7 1-0

[Event "COL-ch Amateur"]
[Site "Villavicencio"]
[Date "2015.02.18"]
[Round "2"]
[White "Pena Escobar, Cristian Camilo"]
[Black "Olarte Parra, Jhoan Sebastian"]
[Result "1/2-1/2"]
[WhiteElo "1851"]
[BlackElo "1954"]
[PlyCount "35"]
[EventDate "2015.02.18"]
[EventType "swiss"]
[EventRounds "9"]
[EventCountry "COL"]
[SourceTitle "CBM 165 Extra"]
[Source "ChessBase"]
[SourceDate "2015.04.21"]
[SourceVersion "1"]
[SourceVersionDate "2015.04.21"]
[SourceQuality "1"]

1. e4 d5 2. exd5 Qxd5 3. Nc3 Qd8 4. Bc4 c6 5. d3 Nf6 6. Bf4 Bf5 7. h3 e6 8. Qf3 Bd6 9. Nge2 Qc7 10. g4 Bg6 11. 0-0-0 Nbd7 12. Rhe1 0-0-0 13. Bxd6 Qxd6 14. Nf4 Ne5 15. Qe3 Nxc4 16. dxc4 Qb8 17. g5 Nh5 18. Nxe6 1/2-1/2

[Event "Central America & Caribbean U16"]
[Site "Palmira"]
[Date "2014.10.06"]
[Round "6.2"]
[White "Diaz Herrera, Leider Andres"]
[Black "Pena Escobar, Cristian Camilo"]
[Result "1/2-1/2"]
[WhiteElo "1901"]
[BlackElo "1818"]
[PlyCount "171"]
[EventDate "2014.10.04"]
[EventType "swiss"]
[EventRounds "9"]
[EventCountry "COL"]
[SourceTitle "EXT 2024"]
[Source "ChessBase"]
[SourceDate "2023.10.10"]
[SourceVersion "1"]
[SourceVersionDate "2023.10.10"]
[SourceQuality "1"]

1. d4 d6 2. Bf4 g6 3. e3 Nf6 4. Nd2 Bg7 5. Ngf3 0-0 6. Bd3 b6 7. Qe2 c5 8. c3 Nbd7 9. 0-0 Re8 10. e4 cxd4 11. cxd4 Nh5 12. Bg5 f6 13. Bc4+ e6 14. Be3 Bf8 15. Nh4 Bb7 16. Bb3 d5 17. Qg4 Ng7 18. Ba4 g5 19. exd5 Bxd5 20. Ne4 Bxe4 21. Qxe4 gxh4 22. d5 f5 23. Qc2 Qe7 24. d6 Qf7 25. Qc7 Red8 26. Bg5 Nf6 27. d7 Rxd7 28. Bxd7 Qxd7 29. Qxd7 Nxd7 30. Rfd1 Nc5 31. Rac1 Ne4 32. Bxh4 Bc5 33. Kf1 Kf7 34. Rd7+ Kg6 35. f3 Nf6 36. Bxf6 Kxf6 37. b4 Bxb4 38. Rcc7 Bf8 39. f4 a5 40. a4 Rb8 41. Ke2 b5 42. axb5 a4 43. Ra7 a3 44. b6 Nh5 45. b7 Nxf4+ 46. Kf3 Nd5 47. Ra8 Bd6 48. Rxd6 Rxb7 49. Rxa3 Ke5 50. Rd8 Rb4 51. Rh8 Rf4+ 52. Ke2 Rh4 53. h3 Nf6 54. Ra5+ Kf4 55. Rf8 Ne4 56. Re8 Kg3 57. Rg8+ Kh2 58. Kf3 Nd2+ 59. Ke2 Nc4 60. Ra7 Re4+ 61. Kd3 Ne5+ 62. Kd2 Nc4+ 63. Kc3 Ne3 64. Ra2 Nd5+ 65. Kd2 Nf4 66. Kc3 Re3+ 67. Kd4 Rg3 68. Rxg3 Kxg3 69. Ke5 Nxg2 70. Ra3+ Kh4 71. Kxe6 Nf4+ 72. Kxf5 Nxh3 73. Rb3 h6 74. Rb2 Ng5 75. Rh2+ Nh3 76. Rd2 Ng5 77. Rd6 Kg3 78. Rxh6 Nf3 79. Rg6+ Kf2 80. Ke4 Ne1 81. Rc6 Ke2 82. Rc1 Kd2 83. Rc8 Nc2 84. Rh8 Kc3 85. Rh2 Nb4 86. Ke3 1/2-1/2

[Event "Central America & Caribbean U16"]
[Site "Palmira"]
[Date "2014.10.05"]
[Round "4.7"]
[White "Pena Escobar, Cristian Camilo"]
[Black "Arismendi Polanco, Efrain Steven"]
[Result "1-0"]
[WhiteElo "1818"]
[BlackElo "1896"]
[PlyCount "45"]
[EventDate "2014.10.04"]
[EventType "swiss"]
[EventRounds "9"]
[EventCountry "COL"]
[SourceTitle "EXT 2024"]
[Source "ChessBase"]
[SourceDate "2023.10.10"]
[SourceVersion "1"]
[SourceVersionDate "2023.10.10"]
[SourceQuality "1"]

1. e4 c5 2. Nf3 d6 3. d4 cxd4 4. Nxd4 Nf6 5. Nc3 g6 6. Be3 Bg7 7. f3 0-0 8. Bc4 Nc6 9. Qd2 Bd7 10. 0-0-0 Rb8 11. h4 b5 12. Bb3 a5 13. h5 Nxd4 14. Bxd4 a4 15. hxg6 hxg6 16. Bxf6 exf6 17. Bd5 b4 18. g4 f5 19. Qh2 Re8 20. Qxd6 Qf6 21. Qxf6 Bxf6 22. Ne2 Re7 23. gxf5 1-0

[Event "COL-chT"]
[Site "Villavicencio"]
[Date "2014.08.18"]
[Round "6.1"]
[White "Rosado Perez, Maria Jose"]
[Black "Pena Escobar, Cristian Camilo"]
[Result "0-1"]
[WhiteElo "1757"]
[BlackElo "1797"]
[PlyCount "48"]
[EventDate "2014.08.15"]
[EventType "team-swiss"]
[EventRounds "6"]
[EventCountry "COL"]
[SourceTitle "EXT 2015"]
[Source "ChessBase"]
[SourceDate "2014.11.20"]
[SourceVersion "1"]
[SourceVersionDate "2014.11.20"]
[SourceQuality "1"]
[WhiteTeam "Bolivar (W)"]
[BlackTeam "Meta II"]
[WhiteTeamCountry "COL"]
[BlackTeamCountry "COL"]

1. e4 d6 2. d4 g6 3. f4 Bg7 4. Nf3 Nf6 5. Nc3 0-0 6. Be3 b6 7. h3 c5 8. Qd2 cxd4 9. Nxd4 Bb7 10. Bd3 e5 11. Nde2 exf4 12. Bxf4 Nh5 13. Be3 Qh4+ 14. Bf2 Qe7 15. g4 Nf6 16. 0-0-0 Nbd7 17. Rhe1 Nc5 18. Ng3 Qe5 19. Kb1 Rac8 20. Re2 Ne6 21. Rde1 Nf4 22. Bd4 Qxd4 23. Qxf4 Rxc3 24. bxc3 Qxc3 0-1

[Event "COL-chT"]
[Site "Villavicencio"]
[Date "2014.08.17"]
[Round "4.2"]
[White "Pena Escobar, Cristian Camilo"]
[Black "Montenegro, Juan Rolando"]
[Result "0-1"]
[WhiteElo "1797"]
[BlackElo "2115"]
[PlyCount "60"]
[EventDate "2014.08.15"]
[EventType "team-swiss"]
[EventRounds "6"]
[EventCountry "COL"]
[SourceTitle "EXT 2015"]
[Source "ChessBase"]
[SourceDate "2014.11.20"]
[SourceVersion "1"]
[SourceVersionDate "2014.11.20"]
[SourceQuality "1"]
[WhiteTeam "Meta II"]
[BlackTeam "Cundinamarca (Sopo)"]
[WhiteTeamCountry "COL"]
[BlackTeamCountry "COL"]

1. e4 e6 2. d4 d5 3. Nc3 Nf6 4. e5 Nfd7 5. Nf3 c5 6. Ne2 cxd4 7. Nexd4 Nc6 8. Nxc6 bxc6 9. Bd3 Qb6 10. 0-0 Be7 11. c4 0-0 12. Qc2 h6 13. cxd5 cxd5 14. Be3 Bc5 15. Bxc5 Nxc5 16. Bh7+ Kh8 17. Rfc1 Nd7 18. Bd3 Ba6 19. Bxa6 Qxa6 20. Qc7 Nb6 21. Qe7 Rae8 22. Qd6 Rb8 23. Qe7 Rbe8 24. Qd6 Rc8 25. Re1 Rfd8 26. Qe7 Rd7 27. Qh4 Rdc7 28. Nd4 Nd7 29. Qh5 Kg8 30. h3 Rc4 0-1

[Event "COL-ch U20"]
[Site "Bogota"]
[Date "2014.03.14"]
[Round "3"]
[White "Pena Escobar, Cristian Camilo"]
[Black "Gonzalez, Andres Felipe"]
[Result "0-1"]
[WhiteElo "1799"]
[BlackElo "1995"]
[PlyCount "72"]
[EventDate "2014.03.13"]
[EventType "swiss"]
[EventRounds "7"]
[EventCountry "COL"]
[SourceTitle "CBM 159 Extra"]
[Source "ChessBase"]
[SourceDate "2014.04.24"]
[SourceVersion "1"]
[SourceVersionDate "2014.04.24"]
[SourceQuality "1"]

1. e4 c5 2. Nf3 g6 3. d4 cxd4 4. Nxd4 Nc6 5. Nc3 Bg7 6. Be3 Nf6 7. Bc4 0-0 8. Bb3 a5 9. 0-0 d6 10. Ndb5 b6 11. Re1 Ba6 12. a4 Na7 13. Nd5 Nc8 14. Nbc7 Ra7 15. Nxa6 Rxa6 16. Qd3 Ra7 17. c3 Nd7 18. Qb5 Nc5 19. Bc2 Qd7 20. Qe2 Rb7 21. Red1 Qc6 22. b4 axb4 23. cxb4 Bxa1 24. bxc5 Bf6 25. Nb4 Qe8 26. cxb6 Nxb6 27. Qa6 Qa8 28. Qd3 Nxa4 29. Nd5 Nb2 30. Nxf6+ exf6 31. Qxd6 Nxd1 32. Bh6 Qd8 33. Bxf8 Qxd6 34. Bxd6 Nxf2 35. Kxf2 Rb2 36. Ke3 Rxc2 0-1

[Event "COL-ch U18"]
[Site "Florencia"]
[Date "2013.06.02"]
[Round "6"]
[White "Perez Olivar, Santander Emilio"]
[Black "Pena Escobar, Cristian Camilo"]
[Result "0-1"]
[WhiteElo "1596"]
[BlackElo "1796"]
[PlyCount "38"]
[EventDate "2013.05.31"]
[EventType "swiss"]
[EventRounds "7"]
[EventCountry "COL"]
[SourceTitle "CBM 154 Extra"]
[Source "ChessBase"]
[SourceDate "2013.06.25"]
[SourceVersion "2"]
[SourceVersionDate "2013.06.25"]
[SourceQuality "1"]

1. e4 c5 2. Nf3 d6 3. d4 cxd4 4. Nxd4 Nf6 5. Nc3 g6 6. Bb5+ Bd7 7. 0-0 Bg7 8. Re1 0-0 9. Bxd7 Nbxd7 10. Nd5 a6 11. b3 Nc5 12. Bg5 Ncxe4 13. Rxe4 Nxe4 14. Bxe7 Qa5 15. Bxf8 Rxf8 16. Nf4 Qe5 17. Nfe2 Nc3 18. Qd2 Nxe2+ 19. Nxe2 Qxa1+ 0-1

[Event "COL-ch U18"]
[Site "Florencia"]
[Date "2013.05.31"]
[Round "2"]
[White "Valenzuela, Juan Camilo"]
[Black "Pena Escobar, Cristian Camilo"]
[Result "0-1"]
[WhiteElo "1310"]
[BlackElo "1796"]
[PlyCount "102"]
[EventDate "2013.05.31"]
[EventType "swiss"]
[EventRounds "7"]
[EventCountry "COL"]
[SourceTitle "CBM 154 Extra"]
[Source "ChessBase"]
[SourceDate "2013.06.25"]
[SourceVersion "2"]
[SourceVersionDate "2013.06.25"]
[SourceQuality "1"]

1. e4 c5 2. Nf3 d6 3. d4 cxd4 4. Nxd4 Nf6 5. Nc3 g6 6. Be3 Bg7 7. Qd2 0-0 8. f3 Nc6 9. Nxc6 bxc6 10. Be2 Be6 11. 0-0 Qc8 12. Bd3 Nd7 13. Bh6 Ne5 14. Bxg7 Kxg7 15. Rae1 Qb7 16. b3 Qb6+ 17. Qf2 Qxf2+ 18. Rxf2 Nxd3 19. cxd3 Rae8 20. f4 f5 21. e5 d5 22. d4 Rb8 23. Na4 Rb4 24. Nc5 Kf7 25. Nxe6 Kxe6 26. Rd1 Rc8 27. Re2 c5 28. dxc5 Rxc5 29. Kf2 Re4 30. g3 Rc3 31. Rdd2 h5 32. Rc2 Rxe2+ 33. Rxe2 d4 34. Rd2 Kd5 35. Ke2 Ke4 36. Rb2 d3+ 37. Ke1 Rc1+ 38. Kf2 a5 39. h4 Rh1 40. Rd2 Rh2+ 41. Ke1 Rh1+ 42. Kf2 Kd4 43. Kg2 Rc1 44. Kf2 Kc3 45. Ke3 Re1+ 46. Kf2 Kxd2 47. Kf3 Kc2 48. Kf2 d2 49. Kg2 d1Q 50. a3 Qe2+ 51. Kh3 Rh1# 0-1